[Event "Summer Cup Agios Nikolaos"]
[Site "?"]
[Date "2007.??.??"]
[Round "1"]
[White "Sandalakis, A."]
[Black "Pagali, M."]
[Result "1-0"]
[WhiteElo "2355"]
[BlackElo "1900"]
[PlyCount "39"]
[EventDate "2007.??.??"]

1. e4 c6 2. Nc3 d5 3. Nf3 dxe4 4. Nxe4 Nd7 5. Bc4 e6 6. Qe2 Nb6 7. Bb3 Nf6 8.
Nxf6+ Qxf6 9. d4 h6 10. O-O Bd6 11. c4 Nd7 12. Bc2 Qe7 13. b3 Nf6 14. Bb2 Ba3
15. Bxa3 Qxa3 16. Ne5 Qd6 17. Rad1 c5 18. dxc5 Qxc5 19. Rd8+ Kxd8 20. Nxf7+ 1-0

[Event "Summer Cup Agios Nikolaos"]
[Site "?"]
[Date "2007.??.??"]
[Round "1"]
[White "Liodakis, K."]
[Black "Tsilidis, A."]
[Result "0-1"]
[WhiteElo "1878"]
[BlackElo "2310"]
[PlyCount "58"]
[EventDate "2007.??.??"]

1. b3 e5 2. Bb2 d6 3. e3 Nf6 4. c4 c5 5. Nc3 Nc6 6. Nge2 Bf5 7. a3 Bd3 8. Ng3
Bxf1 9. Nxf1 d5 10. cxd5 Nxd5 11. Qc2 Be7 12. Ng3 g6 13. O-O O-O 14. Nxd5 Qxd5
15. f4 f5 16. fxe5 Nxe5 17. Nxf5 gxf5 18. Rxf5 Qd3 19. Rxf8+ Rxf8 20. Qd1 Bf6
21. Rc1 Nf3+ 22. Qxf3 Bxb2 23. Qg3+ Kh8 24. Rd1 Qe2 25. Rb1 Qxd2 26. h3 Qc2 27.
Re1 Bc3 28. Rf1 Rxf1+ 29. Kxf1 Qd1+ 0-1

[Event "Summer Cup Agios Nikolaos"]
[Site "?"]
[Date "2007.??.??"]
[Round "1"]
[White "Petousis, K."]
[Black "Ignatiadis, K."]
[Result "0-1"]
[WhiteElo "1830"]
[BlackElo "2277"]
[PlyCount "88"]
[EventDate "2007.??.??"]

1. e4 c5 2. c3 e6 3. d4 d5 4. exd5 exd5 5. Bb5+ Nc6 6. Qe2+ Be6 7. Nf3 a6 8.
Bxc6+ bxc6 9. Ng5 Qd7 10. O-O Nf6 11. Re1 Be7 12. Nxe6 fxe6 13. Qxe6 Qxe6 14.
Rxe6 Kd7 15. Re1 Rae8 16. Bg5 Rb8 17. Re2 c4 18. Na3 h6 19. Bf4 Rb7 20. Rae1
Bxa3 21. bxa3 Re8 22. Be5 Ng4 23. f3 Nxe5 24. dxe5 g5 25. g3 Ke6 26. f4 Rf8 27.
Rf2 Rbf7 28. Ref1 c5 29. Rb1 gxf4 30. Rb6+ Kxe5 31. Re2+ Kf5 32. Rbe6 fxg3 33.
R2e5+ Kg4 34. Rg6+ Kf4 35. Rxd5 gxh2+ 36. Kxh2 Rf5 37. Rxf5+ Rxf5 38. Rxh6 Ke4
39. Rxa6 Kd3 40. Rb6 Kxc3 41. a4 Rf2+ 42. Kg3 Rxa2 43. Rb5 Kd4 44. a5 c3 0-1

[Event "Summer Cup Agios Nikolaos"]
[Site "?"]
[Date "2007.??.??"]
[Round "1"]
[White "Boutsioukis, N."]
[Black "Stiri, A."]
[Result "0-1"]
[WhiteElo "1824"]
[BlackElo "2251"]
[PlyCount "42"]
[EventDate "2007.??.??"]

1. d4 Nf6 2. c4 e6 3. Nc3 c5 4. d5 exd5 5. cxd5 d6 6. e4 g6 7. f4 Bg7 8. Bb5+
Nfd7 9. Nf3 O-O 10. O-O a6 11. Bd3 b5 12. Re1 Re8 13. a4 c4 14. Bc2 b4 15. Ne2
Nc5 16. Ned4 Bg4 17. a5 Nd3 18. Nc6 Nxc6 19. Bxd3 Nxa5 20. Qa4 Nb3 21. Rb1 Nc5
0-1

[Event "Summer Cup Agios Nikolaos"]
[Site "?"]
[Date "2007.??.??"]
[Round "2"]
[White "Pappas, K."]
[Black "Bernal Moro, L."]
[Result "1/2-1/2"]
[WhiteElo "2110"]
[BlackElo "2431"]
[PlyCount "140"]
[EventDate "2007.??.??"]

1. d4 Nf6 2. c4 g6 3. Nc3 Bg7 4. Nf3 O-O 5. Bg5 c5 6. e3 cxd4 7. exd4 d5 8.
Bxf6 exf6 9. cxd5 Nd7 10. Be2 Nb6 11. Qb3 Qd6 12. O-O Bd7 13. a4 Rab8 14. a5
Nc8 15. Rfd1 Re8 16. Bb5 a6 17. Bxd7 Qxd7 18. Qa4 Qd8 19. Re1 Rxe1+ 20. Rxe1
Nd6 21. Nd2 f5 22. Nf3 Qc7 23. g3 Bf6 24. Ne5 Re8 25. f4 Kg7 26. Rc1 Re7 27.
Ne2 Qd8 28. b4 Ne4 29. Qa2 Qd6 30. Qc4 Re8 31. Nc3 Nxc3 32. Rxc3 Rd8 33. Kf2 h5
34. h4 Kg8 35. Qc5 Be7 36. Qxd6 Bxd6 37. Rc4 Kf8 38. Nd3 Re8 39. Nc5 Re7 40.
Rc2 Rc7 41. Ke3 Ke8 42. Kd3 Kd8 43. Re2 Bf8 44. Kc4 Rc8 45. b5 axb5+ 46. Kxb5
Kc7 47. Rc2 Re8 48. Ne6+ Kb8 49. Nxf8 Rxf8 50. Re2 Rd8 51. Kc5 Rc8+ 52. Kb6 Rd8
53. Re7 Rd6+ 54. Kc5 Ra6 55. d6 Rxa5+ 56. Kc4 Kc8 57. Rc7+ Kd8 58. Rxb7 Ra3 59.
Rxf7 Rxg3 60. Kd5 Rg1 61. Rg7 Rg2 62. Ke6 Re2+ 63. Kf6 Rf2 64. Kxg6 Rxf4 65.
Kxh5 Rxd4 66. Rf7 Rf4 67. Kg5 Rg4+ 68. Kxf5 Rxh4 69. Ke6 Re4+ 70. Kd5 Re1
1/2-1/2

[Event "Summer Cup Agios Nikolaos"]
[Site "?"]
[Date "2007.??.??"]
[Round "2"]
[White "Bellia, F."]
[Black "Fernandez, Juan C"]
[Result "1-0"]
[WhiteElo "2405"]
[BlackElo "2118"]
[PlyCount "63"]
[EventDate "2007.??.??"]

1. e4 c6 2. d4 d5 3. e5 Bf5 4. Nf3 e6 5. Be2 Be7 6. O-O h5 7. c4 Nh6 8. Nc3 h4
9. h3 Nd7 10. Be3 Bg6 11. cxd5 cxd5 12. Bxh6 Rxh6 13. Nh2 Bf5 14. Ng4 Bxg4 15.
Bxg4 Qb6 16. Qd2 f5 17. exf6 Nxf6 18. Bf3 Kf8 19. Rfe1 Rc8 20. Rac1 Rc6 21. Na4
Qc7 22. Rxc6 Qxc6 23. b3 b6 24. Nb2 Qd7 25. Nd3 Bd6 26. Qe3 Kf7 27. Ne5+ Bxe5
28. dxe5 Ne8 29. Qf4+ Kg8 30. Rc1 Nc7 31. Be2 a6 32. Qb4 1-0

[Event "Summer Cup Agios Nikolaos"]
[Site "?"]
[Date "2007.??.??"]
[Round "2"]
[White "Beckers, T."]
[Black "Sandalakis, A."]
[Result "0-1"]
[WhiteElo "2058"]
[BlackElo "2355"]
[PlyCount "42"]
[EventDate "2007.??.??"]

1. a3 Nf6 2. d3 d5 3. f4 g6 4. Nf3 Bg7 5. g3 Nbd7 6. Bg2 c6 7. Ra2 O-O 8. O-O
Qb6+ 9. e3 Ne8 10. d4 Nd6 11. Nc3 f6 12. Kh1 Re8 13. b3 e5 14. Na4 Qd8 15. c4
exf4 16. cxd5 fxg3 17. dxc6 bxc6 18. d5 c5 19. hxg3 Ne4 20. Kh2 Ba6 21. Rg1 f5
0-1

[Event "Summer Cup Agios Nikolaos"]
[Site "?"]
[Date "2007.??.??"]
[Round "2"]
[White "Tsilidis, A."]
[Black "Milonakis, G."]
[Result "1-0"]
[WhiteElo "2310"]
[BlackElo "2094"]
[PlyCount "73"]
[EventDate "2007.??.??"]

1. e4 c5 2. Nf3 d6 3. d4 cxd4 4. Nxd4 Nf6 5. Nc3 e6 6. g4 Be7 7. g5 Nfd7 8. h4
a6 9. Rg1 Nc6 10. Be3 Nxd4 11. Bxd4 e5 12. Be3 Nb6 13. Qd2 Be6 14. O-O-O Rc8
15. f4 Nc4 16. Bxc4 Bxc4 17. b3 Qa5 18. bxc4 Rxc4 19. Nd5 Qxa2 20. Qd3 Bd8 21.
Kd2 Ba5+ 22. Ke2 Rxc2+ 23. Kf3 Rh2 24. Kg3 h5 25. Ra1 Qb2 26. Rxa5 Rxh4 27. Qd2
Rg4+ 28. Kf2 Qb3 29. Qc3 Qxc3 30. Nxc3 exf4 31. Bd4 O-O 32. Rh1 Kh7 33. Rxh5+
Kg6 34. Rh1 Rc8 35. Nd5 Re8 36. Kf3 f5 37. gxf6 1-0

[Event "Summer Cup Agios Nikolaos"]
[Site "?"]
[Date "2007.??.??"]
[Round "2"]
[White "Mylonas, K."]
[Black "Gogolis, A."]
[Result "0-1"]
[WhiteElo "2034"]
[BlackElo "2289"]
[PlyCount "36"]
[EventDate "2007.??.??"]

1. e4 d5 2. exd5 Qxd5 3. Nc3 Qa5 4. Bc4 c6 5. d4 Bf5 6. Bd2 Nf6 7. Nd5 Qd8 8.
Nxf6+ gxf6 9. Bf4 e6 10. Qd2 Nd7 11. O-O-O Nb6 12. Bb3 a5 13. a4 Nd5 14. Bh6
Bb4 15. c3 Nxc3 16. Qf4 Nxd1 17. Kxd1 Rg8 18. Ne2 Rg4 0-1

[Event "Summer Cup Agios Nikolaos"]
[Site "?"]
[Date "2007.??.??"]
[Round "2"]
[White "Stiri, A."]
[Black "Panagiotopoulos, V."]
[Result "1-0"]
[WhiteElo "2251"]
[BlackElo "2030"]
[PlyCount "67"]
[EventDate "2007.??.??"]

1. e4 c5 2. Nf3 d6 3. d4 cxd4 4. Nxd4 Nf6 5. Nc3 a6 6. Bc4 e6 7. Bb3 Nbd7 8.
Bg5 Nc5 9. Qe2 Be7 10. f4 h6 11. Bxf6 Bxf6 12. O-O-O Qc7 13. Kb1 Bd7 14. f5
Nxb3 15. cxb3 O-O 16. g4 b5 17. h4 b4 18. Na4 Bxa4 19. bxa4 Qc5 20. Nf3 exf5
21. Rd5 Qc6 22. g5 fxe4 23. Qxe4 Bxb2 24. Kxb2 Qc3+ 25. Kb1 b3 26. Qd3 bxa2+
27. Kxa2 Qb4 28. Rd4 Qa5 29. gxh6 Rfc8 30. Ng5 g6 31. Nxf7 Kxf7 32. Rf1+ Ke7
33. Qxg6 Rc2+ 34. Qxc2 1-0

[Event "Summer Cup Agios Nikolaos"]
[Site "?"]
[Date "2007.??.??"]
[Round "3"]
[White "Karlovich, A."]
[Black "Bellia, F."]
[Result "1/2-1/2"]
[WhiteElo "2207"]
[BlackElo "2405"]
[PlyCount "124"]
[EventDate "2007.??.??"]

1. e4 e5 2. Nf3 Nc6 3. Nc3 Nf6 4. d4 exd4 5. Nxd4 Bb4 6. Nxc6 bxc6 7. Bd3 O-O
8. O-O d5 9. exd5 cxd5 10. Bg5 c6 11. Na4 h6 12. Bh4 Re8 13. c4 Bd6 14. Rc1 Bf4
15. Rc2 Qd6 16. Bg3 Bxg3 17. hxg3 Bg4 18. Qd2 d4 19. c5 Qe5 20. b3 Rad8 21.
Rcc1 Qh5 22. f3 Be6 23. Nb2 Nd5 24. Rfe1 Nc3 25. g4 Qg5 26. Qxg5 hxg5 27. Ra1
a5 28. Be4 Bd5 29. Bxd5 Rxe1+ 30. Rxe1 Rxd5 31. Re8+ Kh7 32. Nd3 Nxa2 33. Kf2
Nb4 34. Ke2 Na6 35. Ra8 Nxc5 36. Nxc5 Rxc5 37. Kd3 Rd5 38. Ra7 f6 39. Ra6 Kg8
40. Rxc6 Rb5 41. Kxd4 Rxb3 42. Ra6 Ra3 43. Ra7 Ra2 44. Ke4 Kh7 45. Ke3 a4 46.
Ra5 a3 47. Ra7 Ra1 48. Kf2 Kg8 49. Kg3 Kf8 50. Rd7 Rb1 51. Ra7 Rb3 52. Kh2 Ke8
53. Rxg7 a2 54. Ra7 Rb2 55. Kh3 Kd8 56. g3 Kc8 57. f4 Kb8 58. Ra3 gxf4 59. gxf4
Kc7 60. Kh4 Rh2+ 61. Kg3 Rd2 62. Kh4 Rh2+ 1/2-1/2

[Event "Summer Cup Agios Nikolaos"]
[Site "?"]
[Date "2007.??.??"]
[Round "3"]
[White "Lazaridis, S."]
[Black "Tsilidis, A."]
[Result "0-1"]
[WhiteElo "2187"]
[BlackElo "2310"]
[PlyCount "174"]
[EventDate "2007.??.??"]

1. e4 c5 2. Nf3 Nc6 3. d4 cxd4 4. Nxd4 Nf6 5. Nc3 e5 6. Ndb5 d6 7. a4 a6 8. Na3
Be6 9. Bg5 Be7 10. Nc4 Nd4 11. Bxf6 Bxf6 12. Ne3 O-O 13. Ncd5 Bg5 14. c3 Bxe3
15. Nxe3 Nb3 16. Ra3 Nc5 17. Bd3 b5 18. Bc2 bxa4 19. Bxa4 Qb6 20. Qb1 Rab8 21.
b4 a5 22. b5 Nxa4 23. Rxa4 Qxb5 24. Qxb5 Rxb5 25. O-O Bb3 26. Raa1 a4 27. f3 g6
28. g4 Rc8 29. Rfc1 Rbc5 30. c4 Rb8 31. Rc3 Rb4 32. Rb1 Ra5 33. Kf2 Kg7 34. h4
Rb8 35. Kg3 Rc8 36. Kf2 Rac5 37. Rbc1 Kf8 38. Ke2 Ke7 39. Kd3 Ke6 40. Rg1 Rh8
41. Ra1 h5 42. g5 f5 43. gxf6 Kxf6 44. Nd5+ Kg7 45. Rac1 Rf8 46. Ke3 Kh6 47.
Kf2 Rfc8 48. Ne3 Rb8 49. Rb1 Rc6 50. Kg3 Rcb6 51. Ra1 Ra6 52. Rb1 Rab6 53. Nd5
R6b7 54. Ne3 Ra8 55. Kf2 Rf7 56. Kg3 Raf8 57. Nd5 g5 58. hxg5+ Kxg5 59. Rf1 h4+
60. Kg2 Kh5 61. Re1 Rg7+ 62. Kf2 Rb7 63. Rb1 Ra8 64. Ne3 a3 65. Rcxb3 Rxb3 66.
Rxb3 a2 67. Nc2 a1=Q 68. Nxa1 Rxa1 69. c5 dxc5 70. Rc3 Ra2+ 71. Kg1 Kg5 72.
Rxc5 Kf4 73. Rc8 h3 74. Rh8 Kg3 75. Rg8+ Kxf3 76. Rh8 Rg2+ 77. Kh1 Rg4 78. Kh2
Kxe4 79. Kxh3 Rg7 80. Ra8 Kf4 81. Ra1 e4 82. Kh2 Kf3 83. Ra8 e3 84. Rf8+ Ke2
85. Rd8 Ke1 86. Ra8 e2 87. Rf8 Rd7 0-1

[Event "Summer Cup Agios Nikolaos"]
[Site "?"]
[Date "2007.??.??"]
[Round "3"]
[White "Gogolis, A."]
[Black "Valden, P."]
[Result "1/2-1/2"]
[WhiteElo "2289"]
[BlackElo "2169"]
[PlyCount "106"]
[EventDate "2007.??.??"]

1. d4 e6 2. Nf3 c5 3. c3 Nf6 4. Bg5 cxd4 5. cxd4 d5 6. Nc3 Be7 7. e3 O-O 8. Bd3
Ne8 9. Bxe7 Qxe7 10. O-O f5 11. Ne5 Nd6 12. f4 Bd7 13. Rc1 Nc6 14. Rf2 Rac8 15.
Ne2 Nb4 16. Rxc8 Rxc8 17. Nc3 Nxd3 18. Qxd3 a6 19. Rc2 Nc4 20. Ne2 Qb4 21. Qc3
Qxc3 22. Rxc3 Nxe5 23. Rxc8+ Bxc8 24. dxe5 a5 25. Kf2 Kf7 26. Nd4 Bd7 27. Ke1
Ke7 28. Kd2 Kd8 29. Kc3 Kc7 30. b4 b6 31. Nb3 axb4+ 32. Kxb4 Kb7 33. Nd4 Ka6
34. a3 h6 35. g3 Kb7 36. a4 Ka6 37. Nf3 Be8 38. h3 Bd7 39. Nd4 Kb7 40. Ka3 Ka6
41. Kb4 Kb7 42. a5 Ka6 43. axb6 Kxb6 44. Nb3 Bc8 45. Kc3 Kb5 46. Kd4 Bd7 47.
Nd2 Be8 48. Nf3 Bh5 49. Nh4 Bf7 50. g4 g6 51. Nf3 Be8 52. Nh4 Bf7 53. Nf3 Be8
1/2-1/2

[Event "Summer Cup Agios Nikolaos"]
[Site "?"]
[Date "2007.??.??"]
[Round "3"]
[White "Kounalakis, E."]
[Black "Ignatiadis, K."]
[Result "1/2-1/2"]
[WhiteElo "2132"]
[BlackElo "2277"]
[PlyCount "80"]
[EventDate "2007.??.??"]

1. d4 Nf6 2. Nf3 e6 3. Bg5 h6 4. Bh4 d5 5. e3 Be7 6. Bd3 c5 7. c3 Nc6 8. Nbd2
a6 9. a4 b6 10. O-O Bb7 11. Qe2 O-O 12. Ne5 Nxe5 13. dxe5 Ne4 14. Bxe7 Qxe7 15.
Bc2 Nxd2 16. Qxd2 Rfd8 17. f4 g6 18. a5 b5 19. b4 Rac8 20. Bb3 Rd7 21. Rac1
Rdc7 22. Rc2 Kg7 23. Rfc1 Qh4 24. Qf2 Qxf2+ 25. Kxf2 f6 26. exf6+ Kxf6 27. g3
g5 28. Ke2 gxf4 29. exf4 Bc6 30. Re1 Be8 31. Kd2 Bg6 32. Rcc1 Be4 33. Rg1 e5
34. fxe5+ Kxe5 35. Rge1 cxb4 36. cxb4 Rxc1 37. Rxc1 Rxc1 38. Kxc1 Kd4 39. Kd2
Bf3 40. Ba2 Be4 1/2-1/2

[Event "Summer Cup Agios Nikolaos"]
[Site "?"]
[Date "2007.??.??"]
[Round "3"]
[White "Makropoulou, M."]
[Black "Festas, G."]
[Result "1/2-1/2"]
[WhiteElo "2266"]
[BlackElo "2166"]
[PlyCount "37"]
[EventDate "2007.??.??"]

1. e4 d5 2. exd5 Qxd5 3. Nc3 Qa5 4. d4 c6 5. Bc4 Bf5 6. Bd2 Nf6 7. Qe2 Qc7 8.
O-O-O e6 9. Nf3 Bb4 10. Ne5 Nbd7 11. Nxd7 Kxd7 12. f3 Rad8 13. g4 Bg6 14. a3
Bxc3 15. Bxc3 Kc8 16. Kb1 Nd5 17. Bxd5 Rxd5 18. Be1 Qd7 19. Bf2 1/2-1/2

[Event "Summer Cup Agios Nikolaos"]
[Site "?"]
[Date "2007.??.??"]
[Round "3"]
[White "Sfougatakis, N."]
[Black "Stiri, A."]
[Result "1-0"]
[WhiteElo "2009"]
[BlackElo "2251"]
[PlyCount "67"]
[EventDate "2007.??.??"]

1. d4 Nf6 2. c4 e6 3. Nf3 c5 4. d5 exd5 5. cxd5 d6 6. Nc3 g6 7. e4 a6 8. a4 Bg7
9. h3 O-O 10. Bd3 Re8 11. O-O Nbd7 12. Re1 Qc7 13. Bf4 Rb8 14. Bc4 Nh5 15. Bh2
Ne5 16. Nxe5 Bxe5 17. Bxe5 Rxe5 18. Qd2 g5 19. a5 Bd7 20. Na4 Bxa4 21. Rxa4
Rbe8 22. Bf1 h6 23. Rc4 f5 24. b4 fxe4 25. bxc5 Nf6 26. c6 Rxd5 27. Qb2 Qe7 28.
Qxb7 Qe5 29. c7 Rc5 30. Rec1 Qf5 31. Rxc5 dxc5 32. Bxa6 Qe5 33. c8=Q e3 34.
Qb3+ 1-0

[Event "Summer Cup Agios Nikolaos"]
[Site "?"]
[Date "2007.??.??"]
[Round "3"]
[White "Pountzas, H."]
[Black "Maris, I."]
[Result "1/2-1/2"]
[WhiteElo "2238"]
[BlackElo "2125"]
[PlyCount "47"]
[EventDate "2007.??.??"]

1. Nf3 Nf6 2. g3 g6 3. Bg2 Bg7 4. O-O O-O 5. c4 c5 6. Nc3 d5 7. cxd5 Nxd5 8.
Nxd5 Qxd5 9. d3 Qd6 10. Qa4 Nc6 11. Qh4 f6 12. Be3 Be6 13. Rfc1 b6 14. d4 cxd4
15. Rxc6 Qxc6 16. Nxd4 Qd6 17. Nxe6 Qxe6 18. Bxa8 Rxa8 19. b3 Qd5 20. Qa4 f5
21. Rc1 Be5 22. Qc4 Qxc4 23. Rxc4 Rd8 24. f4 1/2-1/2

[Event "Summer Cup Agios Nikolaos"]
[Site "?"]
[Date "2007.??.??"]
[Round "4"]
[White "Tsilidis, A."]
[Black "Sfougatakis, N."]
[Result "1-0"]
[WhiteElo "2310"]
[BlackElo "2009"]
[PlyCount "43"]
[EventDate "2007.??.??"]

1. e4 e6 2. d4 d5 3. Nd2 dxe4 4. Nxe4 Nd7 5. Nf3 Be7 6. Bd3 b6 7. Qe2 Bb7 8.
Bd2 Ngf6 9. O-O-O Nxe4 10. Bxe4 Bxe4 11. Qxe4 O-O 12. c4 Nf6 13. Qe2 Qe8 14.
Bc3 a6 15. Rhe1 b5 16. d5 bxc4 17. dxe6 Qa4 18. exf7+ Rxf7 19. Ng5 Rff8 20.
Qe6+ Kh8 21. Qxe7 h6 22. Bxf6 1-0

[Event "Summer Cup Agios Nikolaos"]
[Site "?"]
[Date "2007.??.??"]
[Round "4"]
[White "Sekadakis, D."]
[Black "Bernal Moro, L."]
[Result "0-1"]
[WhiteElo "1929"]
[BlackElo "2431"]
[PlyCount "88"]
[EventDate "2007.??.??"]

1. d4 Nf6 2. c4 g6 3. Nc3 Bg7 4. e4 d6 5. f3 O-O 6. Be3 Nbd7 7. Qd2 c5 8. d5
Ne5 9. Bd3 a6 10. a4 Qb6 11. Nge2 Qxb2 12. Rb1 Qxd2+ 13. Kxd2 e6 14. a5 exd5
15. cxd5 Nfd7 16. Na4 Nxd3 17. Kxd3 Ne5+ 18. Kc2 Bd7 19. Nb6 Bb5 20. Kd2 Rae8
21. Nc3 f5 22. h3 Bd3 23. Rb3 fxe4 24. f4 Bh6 25. Nxe4 Rxf4 26. Rxd3 Nxd3 27.
Kxd3 Rexe4 28. Bxf4 Rd4+ 29. Kc2 Bxf4 30. Re1 Be5 31. Rf1 c4 32. g4 c3 33. Rf3
Rb4 34. Nd7 Rb2+ 35. Kc1 Rb5 36. Rf8+ Kg7 37. Rb8 Rxa5 38. Rxb7 Ra1+ 39. Kc2
Ra2+ 40. Kd3 Rd2+ 41. Ke4 Rd4+ 42. Ke3 Kg8 43. g5 Rc4 44. Nb6 Bd4+ 0-1

[Event "Summer Cup Agios Nikolaos"]
[Site "?"]
[Date "2007.??.??"]
[Round "4"]
[White "Bellia, F."]
[Black "Kounalakis, E."]
[Result "1-0"]
[WhiteElo "2405"]
[BlackElo "2132"]
[PlyCount "111"]
[EventDate "2007.??.??"]

1. e4 c6 2. d4 d5 3. e5 Bf5 4. Nf3 e6 5. Be2 Nd7 6. O-O Bg6 7. Nbd2 Nh6 8. Nb3
Nf5 9. Bg5 Be7 10. Bxe7 Qxe7 11. h3 O-O 12. Qd2 c5 13. c3 Rac8 14. Rac1 c4 15.
Na1 f6 16. g4 Nh6 17. exf6 Nxf6 18. Ne5 Ne4 19. Qe3 Qh4 20. Kg2 Ng5 21. Qg3
Qxg3+ 22. Kxg3 Ne4+ 23. Kg2 Nd2 24. Rfd1 Ne4 25. Rf1 Nd2 26. Rfe1 Ne4 27. f3
Nd6 28. h4 Be8 29. Nc2 Nhf7 30. Kg3 Ba4 31. Ne3 b6 32. Bf1 Nxe5 33. dxe5 Nb7
34. Nc2 Bxc2 35. Rxc2 Nc5 36. h5 Rc7 37. Be2 Rcf7 38. Bd1 Nd3 39. Re3 Nc5 40.
Rd2 b5 41. b4 cxb3 42. axb3 a5 43. b4 axb4 44. cxb4 Na6 45. Rd4 Rc8 46. Be2 Rb7
47. f4 g6 48. h6 Nb8 49. Rd2 Nd7 50. f5 gxf5 51. gxf5 exf5 52. Rxd5 Rf8 53. Kf4
Nb6 54. Rxb5 Rd8 55. Kxf5 Rf8+ 56. Ke4 1-0

[Event "Summer Cup Agios Nikolaos"]
[Site "?"]
[Date "2007.??.??"]
[Round "4"]
[White "Panagiotopoulos, Alex"]
[Black "Gogolis, A."]
[Result "1/2-1/2"]
[WhiteElo "2203"]
[BlackElo "2289"]
[PlyCount "80"]
[EventDate "2007.??.??"]

1. e4 d5 2. exd5 Qxd5 3. Nc3 Qa5 4. d4 c6 5. Nf3 Nf6 6. Bc4 Bf5 7. Ne5 e6 8. g4
Bg6 9. h4 Nbd7 10. Nxd7 Nxd7 11. h5 Be4 12. Rh3 Bd5 13. Bd3 c5 14. dxc5 Bc6 15.
Bd2 Nxc5 16. Qe2 O-O-O 17. Bc4 Qb6 18. O-O-O Be7 19. f4 Bf6 20. g5 Bd4 21. Nb5
Bxb5 22. Bxb5 a6 23. Bc3 Bxc3 24. Rxc3 Rxd1+ 25. Kxd1 Rd8+ 26. Bd3 Rd5 27. Kc1
Kb8 28. Bc4 Na4 29. Rb3 Qg1+ 30. Qf1 Qxf1+ 31. Bxf1 Nc5 32. Rf3 g6 33. hxg6
hxg6 34. b4 Nd7 35. Rd3 Nb6 36. Rf3 a5 37. a3 axb4 38. axb4 Rd8 39. c3 Rh8 40.
Kc2 Nd5 1/2-1/2

[Event "Summer Cup Agios Nikolaos"]
[Site "?"]
[Date "2007.??.??"]
[Round "5"]
[White "Sandalakis, A."]
[Black "Tsilidis, A."]
[Result "1-0"]
[WhiteElo "2355"]
[BlackElo "2310"]
[PlyCount "81"]
[EventDate "2007.??.??"]

1. Nf3 c5 2. c4 d6 3. d4 cxd4 4. Nxd4 e5 5. Nb5 a6 6. N5c3 Nf6 7. Bg5 Be7 8.
Bxf6 Bxf6 9. Nd5 O-O 10. e3 Bf5 11. Nbc3 Nd7 12. Be2 Bg5 13. O-O Be6 14. Ne4
Bxd5 15. Qxd5 Nf6 16. Nxf6+ Bxf6 17. Qxb7 Rb8 18. Qxa6 Rxb2 19. Bg4 e4 20. Rab1
Rd2 21. Rfd1 Rxd1+ 22. Bxd1 Be5 23. g3 f5 24. c5 g5 25. Rb7 Qa8 26. Bb3+ Kh8
27. Qxa8 Rxa8 28. c6 d5 29. Re7 Bc3 30. Bxd5 Ba5 31. Be6 f4 32. exf4 gxf4 33.
gxf4 Bb4 34. Rb7 Bd6 35. c7 Bxc7 36. Rxc7 Ra3 37. f5 e3 38. f6 h5 39. Rc8+ Kh7
40. Bf5+ Kh6 41. f7 1-0

[Event "Summer Cup Agios Nikolaos"]
[Site "?"]
[Date "2007.??.??"]
[Round "5"]
[White "Mattsson, M."]
[Black "Bellia, F."]
[Result "0-1"]
[WhiteElo "2007"]
[BlackElo "2405"]
[PlyCount "36"]
[EventDate "2007.??.??"]

1. e4 e5 2. Nf3 Nc6 3. d4 exd4 4. Nxd4 Nf6 5. Nxc6 bxc6 6. e5 Qe7 7. Qe2 Nd5 8.
c4 Ba6 9. Nd2 g6 10. Qe4 Nb6 11. Bd3 Bg7 12. f4 O-O 13. O-O d5 14. exd6 Qxd6
15. f5 Rfe8 16. Qf3 Qd4+ 17. Kh1 Re3 18. Nb3 Rxf3 0-1

[Event "Summer Cup Agios Nikolaos"]
[Site "?"]
[Date "2007.??.??"]
[Round "5"]
[White "Fragiadakis, Em"]
[Black "Stiri, A."]
[Result "0-1"]
[WhiteElo "1990"]
[BlackElo "2251"]
[PlyCount "52"]
[EventDate "2007.??.??"]

1. d4 Nf6 2. c4 e6 3. Nf3 c5 4. e3 b6 5. Bd3 Bb7 6. Nc3 Be7 7. O-O d5 8. cxd5
exd5 9. Ne5 O-O 10. b3 Nc6 11. Bb2 Re8 12. Bb5 Rc8 13. Nxc6 Bxc6 14. Bxc6 Rxc6
15. dxc5 Bxc5 16. Rc1 Ne4 17. Qxd5 Rd6 18. Qb7 Re7 19. Qa6 Nxf2 20. Rxf2 Bxe3
21. Rcf1 Rd2 22. Ba3 Bxf2+ 23. Kh1 Re1 24. Qc4 Rxf1+ 25. Qxf1 Qd4 26. Qc1 Qxc3
0-1

[Event "Summer Cup Agios Nikolaos"]
[Site "?"]
[Date "2007.??.??"]
[Round "5"]
[White "Bernal Moro, L."]
[Black "Karlovich, A."]
[Result "1-0"]
[WhiteElo "2431"]
[BlackElo "2207"]
[PlyCount "107"]
[EventDate "2007.??.??"]

1. Nf3 Nf6 2. c4 e6 3. Nc3 b6 4. g3 Bb7 5. Bg2 c5 6. O-O Be7 7. d4 cxd4 8. Qxd4
d6 9. Bg5 a6 10. Bxf6 Bxf6 11. Qd3 Be7 12. Rad1 Nd7 13. Ne4 d5 14. cxd5 Bxd5
15. Nc3 Bb7 16. Nd4 Bxg2 17. Kxg2 Qc7 18. Qe4 Rc8 19. Rc1 Nc5 20. Qf3 Bf6 21.
Nb3 O-O 22. Na4 Qa7 23. Nbxc5 bxc5 24. Rc4 Rfd8 25. Rfc1 Rd2 26. Rxc5 Rxc5 27.
Rxc5 h6 28. Rc8+ Rd8 29. Rxd8+ Bxd8 30. Qd3 Qb7+ 31. Kg1 Bf6 32. b3 Qc6 33. Qc4
Qd6 34. Nc5 Qd1+ 35. Kg2 a5 36. a4 Qd2 37. Qd3 Qb4 38. Ne4 Be7 39. Qc4 Qb7 40.
f3 Bb4 41. Nf2 Qb6 42. Nd3 Ba3 43. Qc8+ Kh7 44. Qc2 Kg8 45. Ne5 Qa6 46. Qc4 Qa7
47. Qc8+ Kh7 48. Qd7 Qb8 49. Qb5 Qc7 50. Nc6 f5 51. Nxa5 Qc1 52. Nc4 Be7 53.
Qe5 g6 54. Qxe6 1-0

[Event "Summer Cup Agios Nikolaos"]
[Site "?"]
[Date "2007.??.??"]
[Round "5"]
[White "Gogolis, A."]
[Black "Maris, I."]
[Result "1-0"]
[WhiteElo "2289"]
[BlackElo "2125"]
[PlyCount "93"]
[EventDate "2007.??.??"]

1. d4 c5 2. c3 e6 3. Nf3 Nf6 4. Bf4 cxd4 5. cxd4 Nd5 6. Bg3 Qb6 7. Qc1 Nc6 8.
e3 f5 9. Nc3 Bb4 10. Qd2 Qa5 11. Rc1 O-O 12. Bd3 b6 13. O-O Ba6 14. Bxa6 Qxa6
15. Qe2 Qxe2 16. Nxe2 Rac8 17. a3 Be7 18. Nc3 Nf6 19. Rc2 Ne4 20. Rfc1 Nxg3 21.
hxg3 Bd6 22. Nb5 Bb8 23. d5 Ne7 24. Rxc8 Rxc8 25. Rxc8+ Nxc8 26. dxe6 dxe6 27.
Nbd4 Nd6 28. Ne5 Nb5 29. Nec6 Nxd4 30. exd4 Bd6 31. Nxa7 Kf7 32. Nb5 Bb8 33.
Kf1 g5 34. Ke2 h5 35. Nc3 Ke7 36. Kd3 Kd6 37. Kc4 Kc6 38. a4 g4 39. b4 f4 40.
Ne4 fxg3 41. fxg3 b5+ 42. axb5+ Kb6 43. Nf6 Bxg3 44. Nxh5 Bd6 45. Nf6 g3 46.
Nd7+ Kc7 47. Nc5 1-0

[Event "Summer Cup Agios Nikolaos"]
[Site "?"]
[Date "2007.??.??"]
[Round "5"]
[White "Makropoulou, M."]
[Black "Mylonas, K."]
[Result "1-0"]
[WhiteElo "2266"]
[BlackElo "2034"]
[PlyCount "229"]
[EventDate "2007.??.??"]

1. e4 e6 2. d4 d5 3. Nd2 dxe4 4. Nxe4 Bd7 5. Bd3 Bc6 6. Nf3 Bxe4 7. Bxe4 c6 8.
c3 Nf6 9. Bc2 Bd6 10. O-O Nbd7 11. Re1 O-O 12. a4 Qc7 13. h3 c5 14. Qe2 Bf4 15.
dxc5 Bxc1 16. Raxc1 Qxc5 17. Nd4 a5 18. Rcd1 Rad8 19. Rd3 Nb6 20. Rg3 Qc7 21.
Rg5 Nbd5 22. Qf3 Kh8 23. Rge5 b6 24. Bd3 Ne7 25. Bb1 Rd5 26. Rxd5 Nexd5 27. Bd3
Qf4 28. Qxf4 Nxf4 29. Bf1 Rd8 30. g3 N4d5 31. Bg2 Rc8 32. Nb5 Rc4 33. Nd6 Rc7
34. f4 Rd7 35. Nb5 g6 36. Nd4 Kg7 37. Kf2 Rc7 38. Bf1 Ne8 39. Bg2 Nef6 40. Bf1
Ne8 41. Nb5 Rd7 42. Bg2 Nef6 43. Re2 Kf8 44. Bf3 Rd8 45. Rd2 Rc8 46. Rd4 Ke7
47. g4 Rc5 48. g5 Ne8 49. Ke2 Ng7 50. Bg4 Nf5 51. Bxf5 gxf5 52. Na3 f6 53.
gxf6+ Kxf6 54. Nc4 Nxf4+ 55. Rxf4 e5 56. Nxe5 Rxe5+ 57. Kf3 Re1 58. Rh4 Kg6 59.
Rd4 Re6 60. Kf4 Rc6 61. h4 h6 62. c4 Kf6 63. b3 Ke6 64. Rd5 Rc5 65. Rd8 Rc6 66.
Rh8 Ke7 67. Rh7+ Kf8 68. Kxf5 Rc5+ 69. Kf4 Rc6 70. Rb7 Ke8 71. Kg4 Kf8 72. Kf5
Ke8 73. Ke5 Rg6 74. Kd5 Rf6 75. Ke5 Rc6 76. Kf4 Rf6+ 77. Kg4 Kf8 78. Rd7 Kg8
79. Rd5 Kg7 80. h5 Re6 81. Kf4 Kf7 82. Rb5 Kg7 83. Kf5 Rc6 84. Ke4 Kf7 85. Kd4
Ke7 86. c5 bxc5+ 87. Rxc5 Rb6 88. Kc3 Ra6 89. Kc4 Kd6 90. Rf5 Ke6 91. Rb5 Kf6
92. Rc5 Ra8 93. Rb5 Ra6 94. Kd4 Ra8 95. Ke4 Ra6 96. Kf4 Kg7 97. Ke5 Kf7 98.
Rb7+ Kg8 99. Kd4 Rd6+ 100. Kc4 Rf6 101. Rb5 Ra6 102. Kc5 Kg7 103. Rb7+ Kg8 104.
Rb6 Ra7 105. Rxh6 Rb7 106. Rb6 Rf7 107. h6 Kh7 108. Kb5 Rf5+ 109. Ka6 Re5 110.
Rb5 Re6+ 111. Kxa5 Rxh6 112. Rg5 Rh3 113. b4 Rb3 114. b5 Ra3 115. b6 1-0